Els partits en campanya /

Guardat en:
Dades bibliogràfiques
Autor principal: Marcet, Joan
Format: Text
Etiquetes: Afegir etiqueta
Sense etiquetes, Sigues el primer a etiquetar aquest registre!

MARC

LEADER 00000 a a2200000 04500
001 43845
003
040
100 |a Marcet, Joan  
245 |a Els partits en campanya /  |c Joan Marcet  
773 |g ( , 2010), páginas 117-142 : tablas, gráficos  
999 |c 39135  |d 39135